Crime and parchment /

Last year, Juniper saw the 1,200-year-old Book of Kells in Ireland. She learned how their bejeweled covers were stolen centuries ago, never to be seen again. So how could they have ended up in Rose Mallow, a small Chesapeake Bay town? Being Jewish, the Book of Kells might not be her sacred text, but...

Full description

Bibliographic Details
Main Author: Silver, Daphne (Author)
Format: Book
Language:English
Published: [United States?] : Level Best Books, 2023.
Edition:First edition.
Series:Rare books cozy mystery ; 1.
Subjects:

MARC

Tag First Indicator Second Indicator Subfields
LEADER 00000cam a2200000 i 4500
001 in00004792203
003 OCoLC
005 20240610181406.2
008 231215s2023 xxu 000 f eng d
024 8 |a 40032287911 
040 |a CPL  |b eng  |e rda  |c CPL  |d OCLCF 
020 |a 9781685125080  |q (paperback) 
020 |a 1685125085  |q (paperback) 
035 |a (OCoLC)1414380352 
043 |a n-us-md 
050 4 |a PS3619.I54675  |b C75 2023 
082 0 4 |a 813/.6  |2 23 
100 1 |a Silver, Daphne,  |e author. 
245 1 0 |a Crime and parchment /  |c Daphne Silver. 
250 |a First edition. 
264 1 |a [United States?] :  |b Level Best Books,  |c 2023. 
300 |a i, 192 pages ;  |c 23 cm. 
336 |a text  |b txt  |2 rdacontent 
337 |a unmediated  |b n  |2 rdamedia 
338 |a volume  |b nc  |2 rdacarrier 
490 1 |a A rare books cozy mystery ;  |v [1] 
520 |a Last year, Juniper saw the 1,200-year-old Book of Kells in Ireland. She learned how their bejeweled covers were stolen centuries ago, never to be seen again. So how could they have ended up in Rose Mallow, a small Chesapeake Bay town? Being Jewish, the Book of Kells might not be her sacred text, but as a rare books librarian, the ancient book is still sacred to her, making it important to Juniper to find out the truth. Rose Mallow is the same place where Juniper used to summer with her sister Azalea and their grandmother Zinnia, known as Nana Z. Ever since Nana Z passed away, Juniper's avoided returning, but her curiosity is greater than her grief, so she heads down in her vintage convertible with her rescue dog Clover. Juniper discovers that her sister Azalea has transformed their grandmother's Queen Anne style mansion into the Wildflower Inn, backing up to the Chesapeake Bay. Although Juniper isn't much of a cook, Azalea has kept their grandmother's legacy alive, filling the house with the smells of east European Jewish treats, like sweet kugels and tzimmes cake. Will coming back here feel like returning home or fill Juniper with a deeper sorrow? Can she apologize to her sister for not being there when she was needed most? 
650 0 |a Women librarians  |v Fiction. 
650 0 |a Rare books  |v Fiction. 
650 0 |a Murder  |x Investigation  |v Fiction. 
651 0 |a Maryland  |v Fiction. 
830 0 |a Rare books cozy mystery ;  |v 1. 
945 |b 87652 
947 |a A14852491654 
948 |a dmitchel 6/10/24 1.10.20 
980 |b print  |c 40032287911  |g 565725  |k USD  |m 13.56  |q 1  |s AcqMono Conventional  |t Approval plan  |u Vendor order reference number  |v ZYBP  |y Print approval  |z Physical resource 
999 f f |i 1bc068cf-dc86-46bc-bf65-31260de5400d  |s e6cc6043-b413-48fb-a158-58db97933818  |t 0 
952 f f |p normal  |a Texas A&M University  |b College Station  |c Sterling C. Evans Library  |d Evans: Library Stacks  |t 0  |e PS3619.I54675 C75 2023  |h Library of Congress classification  |i unmediated -- volume  |m A14852491654 
998 f f |a PS3619.I54675 C75 2023  |t 0  |l Evans: Library Stacks